Представление документа в формате MARC21

Поле Инд. ПП Название Значение
Тип записи a
Библиографический уровень m
001 Контрольный номер 48b372b6-c00a-4b68-8505-89a8d1c8d542
005 Дата корректировки 20140703120936.3
008 Кодируемые данные 030311
020 a ISBN 985-445-687-0
c Цена, тираж 35.00
040 a Служба первич. каталог. НБ ТвГУ
041 a Код языка текста rus
080 a Индекс УДК 517.938
084 a Индекс другой классификации/Индекс ББК В161.61-11
090 x Авторский знак К17
a Полочн. индекс В161.6
100 1_ a Автор Калитин Борис Сергеевич
245 00 a Заглавие Качественная теория устойчивости движения динамических систем
c Ответственность Б. С. Калитин
260 0_ a Место издания Минск
b Издательство Белорусский государственный университет
c Дата издания 2002
300 a Объем 197,[1] с.
b Иллюстрации/ тип воспроизводства ил.
504 a Библиография Библиогр.: с.188-194.
583 a Действие Получение впервые 34 04.03.2003
k Исполнитель действия Обмен
650 a Основная рубрика Динамические системы
650 a Основная рубрика Движение
x Основная подрубрика Устойчивость
x Основная подрубрика Качественная теория
653 a Ключевые слова Динамические системы
a Ключевые слова Движение
a Ключевые слова Устойчивость движения
a Ключевые слова Теория устойчивости движения
a Ключевые слова Качественная теория устойчивости
852 t Порядковый номер экземпляра 1
p Инвентарный номер 761043
888 a Бесплатные
952 p 34.2003 35.00 1 761043
c Вид литературы К рн
954 a Дата поступления на обработку 20030401
999 a Подразделение 2 Фил3